000 00575nam a2200217Ia 4500
008 170203s9999 xx 000 0 und d
020 _a9781603201292
050 _a528
050 _bT583 2010
245 _aTime for kids almanac 2011 /
260 _aNew York :
260 _bTime Home Entertainment.
260 _c2010
300 _a256 pages :
300 _bcolored illustrations. ;
300 _c23 cm.
650 _aChildren's questions and answers.
650 _aEducational games --
650 _aEducational games.
650 _xJuvenile literature.
999 _c305735
_d305735